Vykazovanie majetku v účtovnej závierke podnikateľského subjektu diplomová práca

Gespeichert in:
Bibliographische Detailangaben
1. Verfasser: Matlák, Pavol
Körperschaft: Fakulta hospodárskej informatiky EU. Katedra účtovníctva a audítorstva
Weitere Verfasser: Blahušiaková, Miriama, 1980-
Format: Buch
Sprache:Slowakisch
Veröffentlicht: Bratislava 2009
Tags: Tag hinzufügen
Keine Tags, Fügen Sie das erste Tag hinzu!

MARC

LEADER 00000nam$a2200000$$$4500
001 0100982
005 20240318135035.1
041 0 |a slo 
044 |a SK 
245 1 0 |a Vykazovanie majetku v účtovnej závierke podnikateľského subjektu  |b diplomová práca  |c Pavol Matlák ; škol. Miriama Blahušiaková 
264 1 |a Bratislava  |c 2009 
300 |a 62 s. 
100 1 |a Matlák, Pavol 
700 1 |a Blahušiaková, Miriama, 1980- 
710 2 |a Fakulta hospodárskej informatiky EU. Katedra účtovníctva a audítorstva